Pakistan or The Partition of India (Record no. 23038)

MARC details
000 -LEADER
fixed length control field 00322nam a22001337a 4500
020 ## - INTERNATIONAL STANDARD BOOK NUMBER
ISBN 9789386397447
082 ## - DEWEY DECIMAL CLASSIFICATION NUMBER
Classification number 954.035 AMB
100 ## - MAIN ENTRY--AUTHOR NAME
Author name Dr. Ambedkar, B.R.
245 ## - TITLE STATEMENT
Title Pakistan or The Partition of India
260 ## - PUBLICATION, DISTRIBUTION, ETC. (IMPRINT)
Place of publication Delhi
Name of publisher Kalpaz Publications
Year of publication 1945
300 ## - PHYSICAL DESCRIPTION
Number of Pages 481
650 ## - SUBJECT ADDED ENTRY--TOPICAL TERM
Topical Term Partition of India
942 ## - ADDED ENTRY ELEMENTS (KOHA)
Koha item type Books
Holdings
Collection code Home library Current library Shelving location Date acquired Source of acquisition Cost, normal purchase price Full call number Accession Number Koha item type
Non-fiction Henry Martyn Institute Library Henry Martyn Institute Library General stacks 09/15/2020 Dasgupta Publishers, Kolkata 499.00 954.035 AMB 25710 Books
                   Copyright © 2026 | Henry Martyn Institute | Hyderabad | TS-500052 | INDIA | Implemented by hmi.edu.in
Hit-Count:

Powered by Koha